| 000 | 00870nam a2200217Ia 4500 | ||
|---|---|---|---|
| 999 |
_c36180 _d36180 |
||
| 001 | 2082 | ||
| 003 | GE_BSU | ||
| 005 | 20221011161749.0 | ||
| 008 | 181216s1978ru xx |||||||||||||| ||rus|| | ||
| 040 | _cGE_BSU | ||
| 041 | _arus | ||
| 080 | _a811.111 О-66 | ||
| 100 |
_aОрлов, Г.А. _915255 |
||
| 245 |
_aСовременный английский язык в Австралии : _bУчебное пособие для студ.пед. ин-тов по спец."иностранные языки / _cГ.А. Орлов. |
||
| 264 |
_aМосква : _bВысшая школа, _c1978. |
||
| 300 |
_a171 стр.: _b20 см. |
||
| 653 | _aСовременный английский язык в Австралии | ||
| 653 | _aთანამედროვე ინგლისური | ||
| 653 | _aინგლისური ენა | ||
| 942 |
_cBK _2udc |
||